• 首页
  • 本馆介绍
  • 公告通知
  • 最新文献
  • 馆藏检索
  • 电子资源
  • 读者导购
  • 参考咨询
  • 我的图书馆
  • 登录
  • 详细信息显示
  • 放入我的书架
  • 预约/预借图书
  • 作者相关作品
  • 分类相关作品
  • 丛书相关作品
  • 出版社相关作品

书目信息

  • 表格格式
  • 工作单格式
  • 卡片格式
题名:
小桔灯
    
 
作者: 冰心 著
分册:  
出版信息: 济南   济南出版社  2015
页数: 190页
开本: 23cm
丛书名:
单 册:
中图分类: I286.6
科图分类:
主题词: 儿童文学--散文集--中国--现代
电子资源:
ISBN: 978-7-5488-1904-2
000 00703nam0 2200229 450
001 7033
005 20180604162724.69
010    @a978-7-5488-1904-2@dCNY29.80
100    @a20160415d2015 cemy0chiy50 ea
101 0  @achi
102    @aCN@b370000
105    @aa z 000cy
200 1  @a小桔灯@9xiao ju deng@b专著@f冰心著
210    @a济南@c济南出版社@d2015@h2016印
215    @a190页@c彩图@d23cm
300    @a中国儿童文学传世经典
330    @a本书收录了“一只小鸟”、“梦”、“山中杂记”、“我们把春天吵醒了”等22篇散文。
606 0  @a儿童文学@x散文集@y中国@z现代
690    @aI286.6@v5
701  0 @a冰心@9bing xin@f(1900-1999)@4著
801  0 @aCN@b91MARC@c20160516
905    @aMuseLib@dI286.6@e69
    
    小桔灯/冰心著.-济南:济南出版社,2015(2016印)
    190页:彩图;23cm
    中国儿童文学传世经典
    
    ISBN 978-7-5488-1904-2:CNY29.80
    本书收录了“一只小鸟”、“梦”、“山中杂记”、“我们把春天吵醒了”等22篇散文。
●
相关链接 在E读中查询图书 在五车中查询图书 在当当中查询图书 在豆瓣中查询图书


正题名:小桔灯     索取号:I286.6/69         预约/预借

序号 登录号 条形码 馆藏地/架位号 状态 备注
1 1116197   211161972   第一样本阅览室/ [索取号:I286.6/69] 在馆    
2 1116198   211161981   教育系资料室/ [索取号:I286.6/69] 在馆    
3 1116199   211161990   教育系资料室/ [索取号:I286.6/69] 在馆    
4 1116200   211162007   第二借阅区/ [索取号:I286.6/69] 在馆    
唐山师范学院图书馆 欢迎您!
大连网信软件有限公司© 版权所有